Visualizzazione normale
Vista MARC
- Pio E. Ricci Bitti
di Personal Name
Records bibliografici associati: 1
001 - CONTROL NUMBER
- control field: 34202
003 - CONTROL NUMBER IDENTIFIER
- control field: IT-RoPau
005 - DATE AND TIME OF LATEST TRANSACTION
- control field: 20150428224458.0
008 - FIXED-LENGTH DATA ELEMENTS
- fixed length control field: 150428|| aca||aabn | a|a d
040 ## - CATALOGING SOURCE
- Original cataloging agency: IT-RoPau
- Transcribing agency: IT-RoPau
100 ## - HEADING--PERSONAL NAME
- Personal name: Pio E. Ricci Bitti
670 ## - SOURCE DATA FOUND
- Source citation: Work cat.: (IT-RoPau)6878: Pio E. Ricci Bitti, Comportamento non verbale e comunicazione